Les titres de film avec un prénom (2) - Statistiques

Statistiques générales
  • Ce quiz a été pris 133 fois
  • Le résultat moyen est 25 sur 66
Statistiques - réponses
Année Réalisateur Indice Film % Correct
1992 Ridley Scott C 1492 : {Christophe} Colomb
95%
2001 J-P Jeunet A Le fabuleux destin d'{Amélie} Poulain
95%
1986 Claude Berri J {Jean} de Florette
94%
1986 Claude Berri M {Manon} des sources
92%
2001 Simon West L {Lara} Croft : Tomb Raider
89%
1988 Robert Zemeckis R Qui veut la peau de {Roger} Rabbit ?
87%
2004 Jon Turteltaub B {Benjamin} Gates et le trésor des Templiers
86%
2008 David Fincher B L'étrange histoire de {Benjamin} Button
86%
2017 P-F Martin-Laval G {Gaston} Lagaffe
83%
1988 Bruno Nuytten C {Camille} Claudel
78%
2012 Noémie Lvovsky C {Camille} redouble
78%
1994 Patriche Chéreau M La reine {Margot}
78%
1989 Bob Reiner S Quand Harry rencontre {Sally}
78%
1990 Etienne Chatiliez D Tatie {Danielle}
76%
2001 Sharon Maguire B Le journal de {Bridget} Jones
75%
2010 Laurent Tirard N Le petit {Nicolas}
74%
2003 Eric Lartigau P Mais qui a tué {Pamela} Rose ?
69%
1997 Alain Chabat D {Didier}
65%
2000 Emmanuel Mouret L Laissons {Lucie} faire !
58%
2014 Luc Besson L {Lucy}
58%
2002 R. Guédiguian MJ {Marie-Jo} et ses deux amours
55%
1990 Luc Besson N {Nikita}
50%
1999 John McTiernan T {Thomas} Crown
46%
1997 Quentin Tarantino J {Jackie} Brown
44%
1989 Andrzej Zulawski B {Boris} Godounov
38%
2007 E-E Schmitt O {Odette} Toulemonde
38%
1994 Stephan Elliott P {Priscilla}, folle du désert
38%
2011 Joe Wright H {Hanna}
37%
2006 Sofia Coppola MA {Marie-Antoinette}
37%
1996 Cameron Crowe J {Jerry} Maguire
36%
1987 Gabriel Axel B Le festin de {Babette}
32%
2006 Laurent Tuel JP {Jean-Philippe}
29%
2001 Etienne Chatiliez T {Tanguy}
29%
2008 Etienne Chatiliez A {Agathe} Cléry
27%
1986 Woody Allen H {Hannah} et ses soeurs
27%
1987 Bertrand Tavernier B La passion {Béatrice}
25%
1992 Tim Robbins B {Bob} Roberts
24%
1986 Alain Cavalier T {Thérèse}
23%
2008 Erick Zonca J {Julia}
21%
2008 John Moore M {Max} Payne
21%
2003 Anne Fontaine N {Nathalie}
17%
1999 J-P Dardenne R {Rosetta}
16%
1990 Woody Allen A {Alice}
15%
1988 Jean Delannoy B {Bernadette}
14%
1995 Jean Becker E {Elisa}
12%
2011 Bruno Rolland L {Léa}
12%
2007 Woody Allen C Le rêve de {Cassandre}
12%
2004 Oliver Stone A {Alexandre}
11%
2010 Fabrice Gobert S {Simon} Werner a disparu
11%
2005 Patrice Chéreau G {Gabrielle}
10%
2007 Julian Jarold J {Jane}
10%
2007 François Ozon A {Angel}
8%
2010 Xavier de Choudens J {Joseph} et la fille
8%
1992 Claude Chabrol B {Betty}
7%
2002 Bernie Bonvoisin B {Blanche}
7%
2012 Jérôme Enrico P {Paulette}
7%
2002 Ivan Calbérac I {Irène}
6%
2009 Atom Egoyan C {Chloé}
4%
2010 A. Charlot / F. Magnier I {Imogène} McCarthery
4%
1994 P.J. Hogan M {Muriel}
4%
1998 Shekhar Kapur E {Elizabeth}
3%
2002 Julie Taymor F {Frida}
3%
2006 Serge Elie Masson B {Baptiste}
2%
2008 Sylvie Verheyde S {Stella}
2%
2004 K. Du-Yeong C {Clémentine}
1%
2000 Atom Egoyan F Le voyage de {Félicia}
1%
Aucun quiz correspondant
Distribution des résultats
% des personnes avec chaque résultat
Percentile par nombre de réponses
Votre historique - résultats
Vous n’avez pas pris ce quiz